| 000 | 00701nam a2200229 a 4500 | ||
|---|---|---|---|
| 999 |
_c380 _d380 |
||
| 001 | 380 | ||
| 003 | BD-JhCC | ||
| 005 | 20220811134024.0 | ||
| 008 | 171004s2003 bg a|||| |||| 000 0 ben d | ||
| 020 | _a9844122996 | ||
| 035 | _a(BD-JhCC) 380 | ||
| 040 |
_aBD-JhCC _dBD-JhCC |
||
| 041 | _aben | ||
| 082 |
_a891.443 _bHOS 2003 |
||
| 100 | _aহোসেন, সেলিনা | ||
| 245 |
_aহাঙর নদী গ্রেনেড / _cসেলিনা হোসেন |
||
| 260 |
_aঢাকা; _bঅনন্যা, _c২০০৩ |
||
| 300 |
_a১১১ পৃ.; _c২২ সে. মি. |
||
| 650 | _aBengali Novel | ||
| 942 |
_2ddc _cBK _05 |
||